00731aas a2200193 4500952009000000999001700090001001000107003001000117005001700127008004100144022001400185040004100199041000800240100003400248245010200282300005100384773009400435942000800529 001040708HEMaFUSBCbFUSBCd2016-01-26l0o r2016-01-26 00:00:00w2016-01-26yANA c50112d50112768714001CO-MdFUSB20170912152802.0170912s2001 ag ||||| |||| 00| 0 spa d a0326-6737 aCO-MdFUSBbspacCO-MdFUSBdCO-MdFUSB aspa1 aAlbertsen, Andrés R.eautor10aEl descubrimiento incomparable del teólogo danés N. F. S. Grundtvigc/ Albertsen, Andrés R. aVolumen 20 (2001), páginas 101-114c: 23 cm.0 tCuadernos de Teología049404959701gVolumen 20 (2001), páginas 101-114qPágina 101 cANA